Halifax house price index (Record no. 113073)

MARC details
000 -LEADER
fixed length control field 01061cad a22002055a 4500
001 - CONTROL NUMBER
control field L154623
008 - FIXED-LENGTH DATA ELEMENTS--GENERAL INFORMATION
fixed length control field 120106s20120106xxk f 000 0 eng d
035 ## - SYSTEM CONTROL NUMBER
System control number (Sirsi) u154623
041 0# - LANGUAGE CODE
Language code of text/sound track or separate title eng
050 04 - LIBRARY OF CONGRESS CALL NUMBER
Classification number 333.33 $2 18
110 2# - MAIN ENTRY--CORPORATE NAME
Corporate name or jurisdiction name as entry element Lloyds Banking Group
9 (RLIN) 5822
245 00 - TITLE STATEMENT
Title Halifax house price index
Remainder of title December 2011
Medium [electronic resource]
260 ## - PUBLICATION, DISTRIBUTION, ETC.
Place of publication, distribution, etc. London
Name of publisher, distributor, etc. Lloyds Banking Group
Date of publication, distribution, etc. 2012
520 ## - SUMMARY, ETC.
Summary, etc. UK house prices decreased by 0.9% in December 2011, a 1.3% decrease since December 2010. Whilst there was a modest fall overall in prices during 2011, house prices held up well in the face of the difficult and deteriorating economic climate and substantial pressure on households' finances. The outlook for house prices in 2012 is uncertain.
590 ## - LOCAL NOTE (RLIN)
Local note KA
651 #4 - SUBJECT ADDED ENTRY--GEOGRAPHIC NAME
Geographic name United Kingdom
Chronological subdivision
690 ## - LOCAL SUBJECT ADDED ENTRY--TOPICAL TERM (OCLC, RLIN)
Topical term or geographic name as entry element PROPERTY-RESIDENTIAL PROPERTY-RESIDENTIAL PROPERTY MARKET
856 40 - ELECTRONIC LOCATION AND ACCESS
Uniform Resource Identifier <a href="https://www.lloydsbankinggroup.com/media/pdfs/halifax/2012/060112HousePriceIndexDecember2011.pdf">https://www.lloydsbankinggroup.com/media/pdfs/halifax/2012/060112HousePriceIndexDecember2011.pdf</a>
Public note View this item free of charge at www.lloydsbankinggroup.com
942 ## - ADDED ENTRY ELEMENTS (KOHA)
Suppress in OPAC 0
Holdings
Withdrawn status Lost status Source of classification or shelving scheme Damaged status Not for loan Home library Current library Shelving location Date acquired Total Checkouts Full call number Barcode Date last seen Copy number Price effective from Koha item type
    Dewey Decimal Classification     Virtual Virtual Online 06/01/2012   ONLINE PUBLICATION 154623-2001 06/08/2019 1 06/08/2019 Book